Historia de la nación cubana

Saved in:
Bibliographic Details
Main Authors: Guerra y Sánchez, Ramiro (Author), Pérez Cabrera, José M (Author), Remor, Juan J (Author), Santovenia, Emeterio S (Author)
Format: Book
Language:Spanish
Published: La Habana Historia de la Nación Cubana 1952
Subjects:
Tags: Add Tag
No Tags, Be the first to tag this record!

MARC

LEADER 00000nam a2200000 a 4500
001 UCO1043
003 CL-VaPUC
008 000505e19520000CU |||||||||||||||||spa|d
082 0 4 |a 972.91  |b GUE  |2 21 
100 0 |a Guerra y Sánchez, Ramiro  |e author  |9 442788 
700 0 |a Pérez Cabrera, José M  |e author  |9 442789 
700 0 |a Remor, Juan J  |e author  |9 442790 
700 0 |a Santovenia, Emeterio S  |e author  |9 442791 
245 1 0 |a Historia de la nación cubana 
300 |a v 
942 |c BK 
945 |d 20000505 00:00:00  |a crobeson 
260 |a La Habana  |b Historia de la Nación Cubana  |c 1952 
500 |a v.2: Guerras coloniales, conflictos y progresos 
500 |a v.3: Ilustración, libertad de comercio 
500 |a v.4: Ruptura con la metropoli 
500 |a v.7: Cambio de soberanía 
500 |a v.8: Advenimiento de la república, organización institucional 
500 |a v.10: Consolidación de la república 
650 7 |a HISTORIA DE CUBA  |2 CL-VaPUC  |9 434680 
650 7 |a DESCUBRIMIENTO DE AMERICA  |2 CL-VaPUC  |9 442792 
650 0 |a Conquista  |9 339504 
650 7 |a COLONIA  |2 CL-VaPUC  |9 442793 
650 0 |a Ilustración   |9 313124 
650 0 |a Independencia   |9 344246 
650 0 |a República  |9 310048 
651 7 |a CUBA  |2 CL-VaPUC  |9 255263 
583 |a last modification  |c 20000505 00:00:00  |k Rodrigo Vera 
999 |c 287676  |d 287674 
952 |0 0  |1 0  |4 0  |6 972_910000000000000_GUE_1952  |7 0  |8 A  |9 334622  |a BIBHIS  |b BIBHIS  |d 2019-11-20  |h v.2  |i 1273043  |o 972.91 GUE 1952  |p 1273043  |r 2025-01-20  |w 2019-11-20  |y BK  |k HIS 
952 |0 0  |1 0  |4 0  |6 972_910000000000000_GUE_1952  |7 0  |8 A  |9 334623  |a BIBHIS  |b BIBHIS  |d 2019-11-20  |h v.3  |i 1273051  |o 972.91 GUE 1952  |p 1273051  |r 2025-01-20  |w 2019-11-20  |y BK  |k HIS 
952 |0 0  |1 0  |4 0  |6 972_910000000000000_GUE_1952  |7 0  |8 A  |9 334624  |a BIBHIS  |b BIBHIS  |d 2019-11-20  |h v.4  |i 127306K  |o 972.91 GUE 1952  |p 127306K  |r 2025-01-20  |w 2019-11-20  |y BK  |k HIS 
952 |0 0  |1 0  |4 0  |6 972_910000000000000_GUE_1952  |7 0  |8 A  |9 334625  |a BIBHIS  |b BIBHIS  |d 2019-11-20  |h v.7  |i 1273078  |o 972.91 GUE 1952  |p 1273078  |r 2025-01-20  |w 2019-11-20  |y BK  |k HIS 
952 |0 0  |1 0  |4 0  |6 972_910000000000000_GUE_1952  |7 0  |8 A  |9 334626  |a BIBHIS  |b BIBHIS  |d 2019-11-20  |h v.8  |i 1273086  |o 972.91 GUE 1952  |p 1273086  |r 2025-01-20  |w 2019-11-20  |y BK  |k HIS 
952 |0 0  |1 0  |4 0  |6 972_910000000000000_GUE_1952  |7 0  |8 A  |9 334627  |a BIBHIS  |b BIBHIS  |d 2019-11-20  |h v.10  |i 1273094  |o 972.91 GUE 1952  |p 1273094  |r 2025-01-20  |w 2019-11-20  |y BK  |k HIS